00577nam a2200157Ia 4500003000400000005001700004008004100021040001800062041000800080100004300088245009900131260003800230942001300268999001900281952011900300OSt20260116105419.0211028s2013 xx 000 0 und d cAIMIT LIBRARY aeng aD' Silva, Ashwith Royang111602396971 aMarket feasibility study of a new energy drink with reference to global associates Kasaragod / aMangalorebPrathibha Shettyc2013 2ddccPRO c218541d218541 00102ddc40718PR_MBAaAIMITbAIMITd2021-10-28eMBAl0pPRB00617r2021-10-28 00:00:00t1116023w2021-10-28yPRO